000 00795nam a22002177a 4500
008 090313t xxu||||| |||| 00| 0 eng d
010 _aENG-93180
020 _c80.00
_a9788190637671
035 _aEN-76713
037 _bDBAD / PUB
040 _adpl
_bEnglish
082 _a541.394
100 _aTharini, K.
245 _aChemical kinetics and informatics /
_cby K. Tharini
260 _aThiruvannamalai
_bM. Prema Publishers
_c2008
300 _aG, 155p.
_c21cm (pbk)
500 _aIncludes bibliographical references
650 _aChemical kinetics
942 _2ddc
_cEN
_mTHA
_h541.394
999 _c25119
_d25119